| 000 | 00932cam a2200313 i 4500 | ||
|---|---|---|---|
| 999 |
_c66082 _d66082 |
||
| 001 | 768714001 | ||
| 003 | CO-MdFUSB | ||
| 005 | 20200610173759.0 | ||
| 007 | ta | ||
| 008 | 010508t2001 nju 000 0 eng | ||
| 010 | _a 2001034350 | ||
| 020 | _a0875526055 | ||
| 040 |
_aDLC _cCO-MdFUSB _dDLC _dCO-MdFUSB _bspa _erda |
||
| 041 | _aeng | ||
| 082 | 0 | 0 |
_223 _a248.845 _bT836 |
| 100 | 1 |
_aTripp, Paul David, _d1950- _eautor |
|
| 245 | 1 | 0 |
_aAge of opportunity : _ba biblical guide to parenting teens / _cPaul David Tripp. |
| 264 | 1 |
_aPhillipsburg, N.J. : _bP & R Publishing, _c[2001] |
|
| 264 | 4 | _c© 2001 | |
| 300 |
_a291 páginas. ; _c21 cm. |
||
| 336 |
_2rdacontent _atexto _btxt |
||
| 337 |
_2rdamedia _asin mediación _bn |
||
| 338 |
_2rdacarrier _avolumen _bnc |
||
| 563 | _aRústico | ||
| 650 | 7 |
_aPaz _xAspectos religiosos _xCristianismo _2embne _92054 |
|
| 942 | _cBK | ||
| 945 | _aJTF-925 | ||